| 000 | 00625nam a2200253Ia 4500 | ||
|---|---|---|---|
| 005 | 20250425161941.0 | ||
| 008 | 250425s9999 xx 000 0 und d | ||
| 020 | _a9500202158 | ||
| 041 | _aspa | ||
| 082 | _a574.87 | ||
| 100 | _aDE ROBERTIS, E. D. P. | ||
| 245 | 0 | _aBIOLOGÍA CELULAR Y MOLECULAR | |
| 250 | _a11A ED. | ||
| 260 |
_aArgentina _bEL ATENEO _c1988 |
||
| 260 | _aBUENOS AIRES | ||
| 300 | _a628 | ||
| 650 | _aBIOLOGIA MOLECULAR | ||
| 650 | _aCELULAS (BIOLOGIA) | ||
| 650 | _aCITOLOGIA | ||
| 650 | _aESTRUCTURA CELULAR | ||
| 700 | _aDE ROBERTIS, E. M. F. | ||
| 942 | _c01 | ||
| 010 | _a36531 | ||
| 999 |
_c219502 _d219502 |
||